Wszystkie państwa które kiedykolwiek graniczyły z Polską - Statystyki

Ogólne statystyki
  • Ten quiz został rozwiązany 102 razy
    84 od ostatniego zresetowania
  • Średni wynik to 24 z 40
Statystyki odpowiedzi
Państwo % Poprawnych
Rzeczpospolita Obojga Narodów Rosja
99%
Księstwo Warszawskie Rosja
99%
III RP Rosja
99%
II Rzeczpospolita Litwa
96%
III RP Litwa
96%
Królestwo Polskie Niemcy
96%
II Rzeczpospolita Niemcy
96%
III RP Niemcy
96%
Królestwo Polskie Czechy
93%
III RP Czechy
93%
III RP Słowacja
93%
III RP Ukraina
91%
III RP Białoruś
89%
II Rzeczpospolita Łotwa
88%
Rzeczpospolita Obojga Narodów Austria
80%
Księstwo Warszawskie Austria
80%
II Rzeczpospolita ZSRR
80%
PRL ZSRR
80%
Królestwo Polskie Węgry
79%
II Rzeczpospolita Węgry
79%
II Rzeczpospolita Czechosłowacja
77%
PRL Czechosłowacja
77%
PRL NRD
68%
Rzeczpospolita Obojga Narodów Prusy
65%
Księstwo Warszawskie Prusy
65%
II Rzeczpospolita Rumunia
65%
Rzeczpospolita Obojga Narodów Imperium Osmańskie
57%
Królestwo Polskie Mołdawia
53%
Królestwo Polskie Ruś Kijowska
29%
II Rzeczpospolita III Rzesza
20%
Królestwo Polskie Wielkie Księstwo Litewskie
12%
Rzeczpospolita Obojga Narodów Księstwo Pomorskie
8%
Rzeczpospolita Obojga Narodów Imperium Szwedzkie
7%
Królestwo Polskie Państwo Zakonu Krzyżackiego
4%
Rzeczpospolita Obojga Narodów Księstwo Siewierskie
3%
Królestwo Polskie Związek Wielecki
1%
Królestwo Polskie Bradenburgia
0%
Królestwo Polskie Księstwo Kopanickie
0%
Królestwo Polskie Księstwo Włodzimierskie
0%
Królestwo Polskie Księstwo Wołogoskie
0%
Nie znaleziono quizów pasujących do podanych kryteriów
Rozkład punktacji
Procent ludzi z każdym wynikiem
Percentyl według liczby udzielonych odpowiedzi
Twoja historia wyników
Nie rozwiązałeś tego quizu od ostatniego zresetowania